| 000 | 00533 a2200193 4500 | ||
|---|---|---|---|
| 005 | 20260129104510.0 | ||
| 008 | 260128b |||||||| |||| 00| 0 eng d | ||
| 020 |
_a9781544348520 _c $ 116.00 |
||
| 040 | _aMAIN | ||
| 082 |
_a300.721 _bE65I |
||
| 100 | _aEsposito, Jennifer | ||
| 245 | _aIntroduction to intersectional qualitative research | ||
| 260 |
_bSage _c2022 _aLondon |
||
| 650 | _aSocial Science | ||
| 650 | _aResearch Methods | ||
| 650 | _aQualitative Research | ||
| 700 | _aEvans - Winters, Venus | ||
| 942 | _cBK | ||
| 999 |
_c395373 _d395373 |
||